Central Library OPAC University of Rajshahi

Numerical Prediction Cyclone Induced Strom Surge in Bangladesh / (Record no. 84345)

MARC details
000 -LEADER
fixed length control field 00904nam a2200241 a 4500
001 - CONTROL NUMBER
RUCL Control Number 84345
003 - CONTROL NUMBER IDENTIFIER
rucl marc code BD-RjUL
005 - DATE AND TIME OF LATEST TRANSACTION
control field 20241121151520.0
008 - FIXED-LENGTH DATA ELEMENTS--GENERAL INFORMATION
fixed length control field 241121s2023 bg a|||| m||| 00| 0 eng d
035 ## - SYSTEM CONTROL NUMBER
system control number (BD-RjUL)84345
040 ## - CATALOGING SOURCE
Original cataloging agency BD-RjUL
Language of cataloging eng
Transcribing agency BD-RjUL
Modifying agency BD-RjUL
041 ## - LANGUAGE CODE
Language code of Book eng
082 ## - DEWEY DECIMAL CLASSIFICATION NUMBER
Classification number 551.5513
DDC Edition number 23
Author mark and Year WAN 2023
100 ## - MAIN ENTRY--PERSONAL NAME
Personal name Whiduzzaman, Mohammad
9 (RLIN) 14373
245 10 - TITLE STATEMENT
Title Numerical Prediction Cyclone Induced Strom Surge in Bangladesh /
Statement of responsibility, etc By Mohammad Whiduzzaman ;
Name of Supervisor/Co-Supervisor Supervisor : Gour Chandra Paul
260 ## - PUBLICATION, DISTRIBUTION, ETC. (IMPRINT)
Place of publication, distribution, etc Rajshahi :
Name of publisher, distributor, etc Department of Mathematics, University of Rajshahi,
Date of publication, distribution, etc 2023
300 ## - PHYSICAL DESCRIPTION
Pagination xxiii, 199 Leaves :
Other physical details ill, ;
Dimensions 29 cm.
502 ## - DISSERTATION NOTE
Dissertation note Thesis (Ph. D.) -- Department of Mathematics, University of Rajshahi, 2023
504 ## - BIBLIOGRAPHY, ETC. NOTE
Bibliography, etc Bibliography : Leaves 184-199
650 ## - SUBJECT ADDED ENTRY--TOPICAL TERM
Topical term or geographic name as entry element Numerical Prediction
Form subdivision Cyclone
9 (RLIN) 14374
700 ## - ADDED ENTRY--SUPERVISOR/CO-SUPERVISOR NAME
Personal name Paul, Gour Chandra, Supervisor
9 (RLIN) 14375
942 ## - ADDED ENTRY ELEMENTS (KOHA)
Source of classification or shelving scheme Dewey Decimal Classification
Koha item type Theses
Holdings
Source of classification or shelving scheme Damaged status Not for loan Collection code Permanent Location Current Location Shelving location Date of accession Source of acquisition Total Checkouts Full call number Barcode Date last seen Copy number Thesis
Dewey Decimal Classification   Not For Loan Theses Central Library, University of Rajshahi Central Library, University of Rajshahi Documentation Section 18/11/2024 Controller of Exam. R.U.   THE 551.5513 WAN 2023 D5022 21/11/2024 C-I Theses